Noticias de 2025 - Nombra el país - Estadísticas

Estadísticas generales
  • Esta prueba ha sido intentada 1.715 veces
  • La puntuación promedio es 9 de 16
Estadísticas de respuestas
Pista País % Correcto
Ladrones disfrazados de obreros roban joyas de la corona en un museo en ______ Francia
96%
Papa León XIV es el primer papa en nacer en ______ ______ Estados Unidos
86%
Expresidente de _____, Jair Bolsonaro, es condenado a 27 años de prisión Brasil
81%
Estados Unidos bombardea instalaciones nucleares en ___ Irán
76%
Alexander Lukashenko, con la ayuda de limitaciones de su oposición,es reelegido como presidente de _________, un cargo que ha tenido desde 1994 Bielorrusia
68%
La tasa de homicidio de __ _______ disminuye a 1,33–la más baja de América El Salvador
68%
Estados Unidos incauta un petrolero saliendo de ________ Venezuela
64%
El puente más alto del mundo abre en _____, cruzando una cañón de 625 metros de profundidad China
61%
El alcalde de Uruapan es asesinado, causando protestas que piden justicia y acciones reales contra el crimen organizado en ______ México
60%
Se encuentran mosquitos en ______, un lugar que antes fue el único país sin ellos Islandia
59%
El partido del presidente de ______ recibe acusaciones de corrupción y acoso España
56%
____ aprueba la construcción de un puente sobre el estrecho de Mesina Italia
40%
El gobierno de _____ intenta bloquear YouTube, causando protestas violentas y la renuncia del primer ministro Nepal
30%
_____ elige una primera ministra femenina por primera vez, quien se opone firmemente a la inmigración ilegal Japón
24%
El Reino Unido firma un acuerdo para devolver la soberanía de las Islas de Chagos a _______ Mauricio
16%
Hayli Gubbi, un volcán en ______, entra en erupción después de miles de años sin registros de erupciones Etiopía
12%
No se encontraron pruebas coincidentes
Distribución de puntuación
Porcentaje de gente con cada puntuación
Porcentaje por número respondido
Historial de tus puntuaciones
No has intentado esta prueba.